[Event "Memorial Kurnosov 2018 Rapid"]
[Site "?"]
[Date "2018.09.07"]
[Round "3.5"]
[White "Oparin, Grigoriy"]
[Black "Bezgodov, Alexei"]
[Result "1/2-1/2"]
[WhiteElo "2665"]
[BlackElo "2455"]
[PlyCount "123"]
[EventDate "2018.??.??"]
[EventType "rapid"]

1. Nf3 Nf6 2. g3 g6 3. Bg2 Bg7 4. c4 c5 5. d4 cxd4 6. Nxd4 O-O 7. Nc3 Nc6 8.
O-O Nxd4 9. Qxd4 d6 10. Qd3 Bf5 11. e4 Be6 12. Bd2 Nd7 13. b3 Nc5 14. Qe2 a5
15. Rac1 f5 16. Rfe1 Rf7 17. exf5 Bxf5 18. Ne4 Bxe4 19. Bxe4 Bd4 20. Be3 Bxe3
21. Qxe3 Nxe4 22. Qxe4 Qb6 23. Rc2 Raf8 24. Ree2 Qc6 25. Qe3 b6 26. Rcd2 Qc5
27. Qd3 Rf5 28. Re3 Re5 29. Rde2 Rxe3 30. Rxe3 Rf7 31. Qe2 Kf8 32. h4 Ke8 33.
Kg2 Kd8 34. f4 Qc6+ 35. Kh2 Qc5 36. Qf3 Kc7 37. Re2 e5 38. Qa8 Qc6 39. Qa7+ Qb7
40. Qxb7+ Kxb7 41. fxe5 dxe5 42. Kg2 Re7 43. Kf3 Kc6 44. Ke4 b5 45. Rc2 Rf7 46.
cxb5+ Kxb5 47. Rc8 Rf2 48. Rb8+ Kc6 49. a4 Re2+ 50. Kf3 Rb2 51. Rb5 Kd6 52. g4
h5 53. gxh5 gxh5 54. Ke4 Rh2 55. Rd5+ Kc6 56. Rxa5 Rxh4+ 57. Kxe5 Rb4 58. Rb5
Rxb5+ 59. axb5+ Kxb5 60. Kf5 Kb4 61. Kg5 Kxb3 62. Kxh5 1/2-1/2

[Event "Memorial Kurnosov 2018 Rapid"]
[Site "?"]
[Date "2018.09.07"]
[Round "3.6"]
[White "Drygalov, Andrey"]
[Black "Kokarev, Dmitry"]
[Result "0-1"]
[WhiteElo "2481"]
[BlackElo "2663"]
[PlyCount "92"]
[EventDate "2018.??.??"]
[EventType "rapid"]

1. e4 c5 2. Nf3 d6 3. d4 cxd4 4. Nxd4 Nf6 5. Nc3 a6 6. Be2 e5 7. Nf3 h6 8. Nd2
Be6 9. Nc4 Qc7 10. Ne3 Nbd7 11. Ncd5 Bxd5 12. Nxd5 Nxd5 13. Qxd5 Nf6 14. Qd3
Qc6 15. Bf3 Rc8 16. c3 Qc4 17. Qxc4 Rxc4 18. O-O Be7 19. Be2 Rc6 20. Bd3 Bd8
21. Re1 Bb6 22. Bc2 Ke7 23. Bb3 Rd8 24. Bd2 Bc5 25. g3 Rc7 26. Kg2 b5 27. f4
Nd7 28. Bc2 Nb6 29. Re2 Nc4 30. Bc1 Bb6 31. b3 Na5 32. Bb2 Rdc8 33. Bd3 Rb8 34.
Rf1 f6 35. h4 Ba7 36. Rd1 Nc6 37. b4 exf4 38. gxf4 g5 39. e5 dxe5 40. fxg5 hxg5
41. hxg5 Rg8 42. g6 Ke6 43. Bc2 Ne7 44. Bb3+ Rc4 45. Rd3 Nxg6 46. Bxc4+ bxc4
0-1

[Event "Memorial Kurnosov 2018 Rapid"]
[Site "?"]
[Date "2018.09.07"]
[Round "3.7"]
[White "Pridorozhni, Aleksei"]
[Black "Gutenev, Alexander"]
[Result "1/2-1/2"]
[WhiteElo "2659"]
[BlackElo "2434"]
[PlyCount "95"]
[EventDate "2018.??.??"]
[EventType "rapid"]

1. c4 Nf6 2. g3 c6 3. Bg2 d5 4. Nf3 g6 5. b3 Bg7 6. Bb2 O-O 7. O-O Bg4 8. h3
Bxf3 9. Bxf3 Nbd7 10. d3 Re8 11. e4 dxe4 12. dxe4 Nc5 13. Nd2 Bh6 14. e5 Nd3
15. Bc3 Nxe5 16. Bxe5 Qxd2 17. Qxd2 Bxd2 18. Rfd1 Rad8 19. Rab1 Bb4 20. Bb2 Ba5
21. a3 Rxd1+ 22. Rxd1 Rd8 23. Rxd8+ Bxd8 24. b4 Nd7 25. Kf1 e6 26. b5 cxb5 27.
cxb5 b6 28. Ke2 Bf6 29. Bc1 Kf8 30. Bc6 Ne5 31. Be4 Nc4 32. Kd3 Ne5+ 33. Kc2 h5
34. a4 Nd7 35. Kd1 Bd4 36. Ke2 Nc5 37. Bc2 Ke7 38. f3 Be5 39. g4 hxg4 40. fxg4
Bf6 41. Be3 Kd6 42. Kf3 Kd5 43. Bf2 g5 44. Be3 Kc4 45. Bd2 Nb3 46. Be3 Nd4+ 47.
Bxd4 Kxd4 48. Bh7 1/2-1/2

[Event "Memorial Kurnosov 2018 Rapid"]
[Site "?"]
[Date "2018.09.07"]
[Round "3.8"]
[White "Kabanov, Nikolai"]
[Black "Lysyj, Igor"]
[Result "1/2-1/2"]
[WhiteElo "2476"]
[BlackElo "2644"]
[PlyCount "62"]
[EventDate "2018.??.??"]
[EventType "rapid"]

1. e4 e5 2. Nf3 Nc6 3. Nc3 Nf6 4. d4 exd4 5. Nxd4 Bb4 6. Nxc6 bxc6 7. Bd3 O-O
8. O-O d5 9. exd5 Bg4 10. f3 Bh5 11. Bg5 cxd5 12. Bxf6 Qxf6 13. Nxd5 Qxb2 14.
Kh1 Bd6 15. Qd2 Rab8 16. Rae1 Qxa2 17. Ra1 Qb2 18. Rxa7 Ra8 19. Rxa8 Rxa8 20.
Qg5 Bg6 21. Ne7+ Bxe7 22. Qxe7 Qc3 23. Be4 Bxe4 24. Qxe4 Rd8 25. h3 g6 26. f4
Qd4 27. Qc6 Qd6 28. Qc4 Re8 29. f5 gxf5 30. Rxf5 Re1+ 31. Rf1 Rxf1+ 1/2-1/2

[Event "Memorial Kurnosov 2018 Rapid"]
[Site "?"]
[Date "2018.09.07"]
[Round "3.9"]
[White "Slizhevsky, Alexander"]
[Black "Bocharov, Ivan"]
[Result "0-1"]
[WhiteElo "2442"]
[BlackElo "2625"]
[PlyCount "86"]
[EventDate "2018.??.??"]
[EventType "rapid"]

1. e4 e5 2. Nf3 Nc6 3. Bb5 a6 4. Ba4 Nf6 5. O-O Be7 6. Re1 b5 7. Bb3 d6 8. c3
O-O 9. h3 Nb8 10. d4 Nbd7 11. Nbd2 Bb7 12. Bc2 Re8 13. Nf1 Bf8 14. Ng3 g6 15.
a4 c5 16. d5 c4 17. Bg5 Nc5 18. Qd2 Be7 19. Ra3 Nfd7 20. Be3 Qc7 21. Nh2 h5 22.
Qe2 Kg7 23. Rea1 Nb6 24. axb5 axb5 25. f4 Rxa3 26. Rxa3 exf4 27. Bxf4 Bf6 28.
Qf3 Nbd7 29. Nhf1 h4 30. Nh1 Ne5 31. Bxe5 Bxe5 32. Nf2 Qe7 33. Ng4 Qg5 34. Nxe5
Rxe5 35. Ra1 f5 36. Ra7 Kh6 37. Qe3 fxe4 38. Qxg5+ Kxg5 39. Ne3 Bxd5 40. Kf2
Bb7 41. Ra5 Nd3+ 42. Bxd3 exd3 43. Ra7 Re7 0-1

[Event "Memorial Kurnosov 2018 Rapid"]
[Site "?"]
[Date "2018.09.07"]
[Round "3.10"]
[White "Shariyazdanov, Andrey"]
[Black "Bocharov, Dmitry"]
[Result "1/2-1/2"]
[WhiteElo "2435"]
[BlackElo "2619"]
[PlyCount "122"]
[EventDate "2018.??.??"]
[EventType "rapid"]

1. c4 e5 2. Nc3 Bb4 3. Nf3 Bxc3 4. dxc3 d6 5. e4 f5 6. exf5 Bxf5 7. c5 Nf6 8.
Qb3 Nbd7 9. cxd6 cxd6 10. Be3 Ng4 11. O-O-O Nxe3 12. fxe3 Qc7 13. Bc4 Nc5 14.
Qa3 Ke7 15. Rhe1 Rhf8 16. Nd4 Bd7 17. Nb3 Rac8 18. Nxc5 Qxc5 19. Qxc5 Rxc5 20.
Bd3 Be6 21. a3 h6 22. Rf1 Rcc8 23. Rxf8 Rxf8 24. Rf1 Rc8 25. Kd2 Rc6 26. g3 a5
27. b4 b6 28. Rb1 Rc7 29. bxa5 bxa5 30. Rb5 Ra7 31. Be4 Bc4 32. Rb7+ Rxb7 33.
Bxb7 Kd7 34. Be4 Kc7 35. h4 Kb6 36. Bg6 Kb5 37. Be8+ Kc5 38. Bg6 Be6 39. Bd3
Bd7 40. Be2 Kd5 41. Bd3 Be6 42. c4+ Kc5 43. Kc3 Bg4 44. Bf1 Bf3 45. Bh3 Be2 46.
Be6 Bf3 47. Bf7 Be4 48. Be6 Bc6 49. Bf7 Kb6 50. Be6 Kc7 51. Bg4 Be4 52. Be6 Bg6
53. Bd5 Kd7 54. Bg8 Be4 55. Bd5 Bf5 56. Bg8 Kc6 57. Bf7 Be4 58. Be6 Kc5 59. Bf7
g5 60. hxg5 hxg5 61. Be6 Ba8 1/2-1/2

[Event "Memorial Kurnosov 2018 Rapid"]
[Site "?"]
[Date "2018.09.07"]
[Round "4.1"]
[White "Volkov, Sergey"]
[Black "Artemiev, Vladislav"]
[Result "0-1"]
[WhiteElo "2603"]
[BlackElo "2733"]
[PlyCount "170"]
[EventDate "2018.??.??"]
[EventType "rapid"]

1. d4 d5 2. c4 c6 3. cxd5 cxd5 4. Bf4 Nc6 5. e3 Nf6 6. Nc3 Bg4 7. Qb3 Na5 8.
Bb5+ Bd7 9. Qc2 Nc6 10. Nf3 e6 11. O-O Be7 12. h3 O-O 13. a3 Rc8 14. Bd3 Na5
15. Ne5 Bc6 16. Rfc1 Nc4 17. Qe2 Nxe5 18. Bxe5 Nd7 19. Bg3 Nb6 20. Rc2 Bd6 21.
Bxd6 Qxd6 22. Rac1 Bd7 23. Nb5 Qb8 24. Rxc8 Rxc8 25. Rxc8+ Nxc8 26. Qc2 h6 27.
Qc5 b6 28. Qc2 Kf8 29. g3 Qb7 30. h4 Bc6 31. Qb3 Qd7 32. Qb4+ Kg8 33. Kg2 g5
34. hxg5 hxg5 35. Qb3 Kg7 36. a4 f5 37. Qd1 Qe7 38. Qc1 Bb7 39. Qc3 Qd7 40. b4
Bc6 41. Qc2 Kf6 42. Qc1 Ne7 43. Qh1 Ng6 44. Qc1 a6 45. Nc3 Bxa4 46. Bxa6 Bb3
47. Bb5 Qe7 48. Qb2 Bc4 49. Bxc4 dxc4 50. b5 Qc7 51. Qe2 g4 52. e4 Kg5 53. Qd2+
f4 54. d5 Kf6 55. d6 f3+ 56. Kg1 Qd7 57. e5+ Kg7 58. Ne4 Qd8 59. d7 c3 60. Nxc3
Nf8 61. Ne4 Qxd7 62. Qg5+ Ng6 63. Qxg4 Qxb5 64. Qxe6 Qb1+ 65. Kh2 Qxe4 66. Qxb6
Nxe5 67. Qc7+ Kg6 68. Qb6+ Kh5 69. Qc5 Qf5 70. Qb6 Ng4+ 71. Kg1 Qd5 72. Qb1 Kg5
73. Qc1+ Kg6 74. Qb1+ Kf6 75. Qa1+ Ke6 76. Qa6+ Ke5 77. Qa4 Nf6 78. Qf4+ Ke6
79. Qe3+ Qe4 80. Qb3+ Kf5 81. Qd1 Qe2 82. Qb1+ Ne4 83. g4+ Kxg4 84. Qb6 Qe1+
85. Kh2 Qxf2+ 0-1

[Event "Memorial Kurnosov 2018 Rapid"]
[Site "?"]
[Date "2018.09.07"]
[Round "4.2"]
[White "Andreikin, Dmitry"]
[Black "Morozevich, Alexander"]
[Result "0-1"]
[WhiteElo "2731"]
[BlackElo "2614"]
[PlyCount "84"]
[EventDate "2018.??.??"]
[EventType "rapid"]

1. d4 Nf6 2. c4 c5 3. d5 g6 4. Nc3 Bg7 5. e4 O-O 6. Bg5 d6 7. Qd2 e6 8. Bd3
exd5 9. cxd5 a6 10. a4 Qa5 11. Nge2 b5 12. O-O b4 13. Nd1 c4 14. Bb1 Nbd7 15.
Bh6 Nc5 16. Bxg7 Kxg7 17. Qf4 Nb3 18. Ra2 Qc5 19. Ne3 Re8 20. Rd1 Ra7 21. Ng3
h6 22. h4 Re5 23. h5 Rae7 24. hxg6 fxg6 25. Qh4 h5 26. Bc2 Nd4 27. Bb1 Ng4 28.
Rf1 Rf7 29. b3 c3 30. Nc4 Nxb3 31. Nxe5 dxe5 32. Nxh5+ gxh5 33. Qg5+ Kh7 34.
Qxh5+ Kg8 35. Bd3 Nd4 36. a5 Bd7 37. Bxa6 b3 38. Raa1 c2 39. Qg5+ Rg7 40. Qd8+
Kh7 41. Bd3 b2 42. Qh4+ Nh6 0-1

[Event "Memorial Kurnosov 2018 Rapid"]
[Site "?"]
[Date "2018.09.07"]
[Round "4.3"]
[White "Zvjaginsev, Vadim"]
[Black "Riazantsev, Alexander"]
[Result "0-1"]
[WhiteElo "2543"]
[BlackElo "2687"]
[PlyCount "112"]
[EventDate "2018.??.??"]
[EventType "rapid"]

1. e4 c6 2. Nf3 d5 3. Nc3 dxe4 4. Nxe4 Nf6 5. Qe2 Nxe4 6. Qxe4 Qd5 7. Qe3 Bf5
8. d3 Nd7 9. Bd2 e5 10. Bc3 f6 11. Be2 Bc5 12. d4 Bb6 13. Qd2 e4 14. Qe3 O-O-O
15. Nd2 Ne5 16. Nb3 Nc4 17. Bxc4 Qxc4 18. Qe2 Qxe2+ 19. Kxe2 Bc7 20. h3 h5 21.
Rac1 Be6 22. Rhd1 Bc4+ 23. Ke1 Rhe8 24. Nd2 Bd5 25. Ke2 e3 26. fxe3 Bf4 27. Nf1
Bxg2 28. Kf2 Bxf1 29. exf4 Bxh3 30. Rg1 Bg4 31. Rce1 Kd7 32. Ba5 Rc8 33. c4 b5
34. b3 bxc4 35. bxc4 Rb8 36. Bc3 Rb6 37. Rxe8 Kxe8 38. a3 Rb3 39. Re1+ Kf7 40.
Bb4 Rf3+ 41. Kg2 Rxf4 42. Re7+ Kg8 43. d5 Rxc4 44. d6 c5 45. Rc7 h4 46. Bxc5
Rc2+ 47. Bf2 Rxc7 48. dxc7 g5 49. Bxa7 Kf7 50. Kf2 Bc8 51. Bd4 Bb7 52. a4 f5
53. a5 f4 54. Ke2 Ke6 55. Kd3 h3 56. Bg1 g4 0-1

[Event "Memorial Kurnosov 2018 Rapid"]
[Site "?"]
[Date "2018.09.07"]
[Round "4.4"]
[White "Chigaev, Maksim"]
[Black "Iljiushenok, Ilia"]
[Result "0-1"]
[WhiteElo "2678"]
[BlackElo "2572"]
[PlyCount "140"]
[EventDate "2018.??.??"]
[EventType "rapid"]

1. e4 e5 2. Bc4 Nf6 3. d3 Nc6 4. Nf3 Bc5 5. O-O d6 6. a4 h6 7. c3 Bb6 8. b4 a6
9. a5 Ba7 10. Be3 O-O 11. Bxa7 Rxa7 12. Nbd2 Ne7 13. Re1 Ng6 14. d4 Ra8 15. Bf1
Re8 16. h3 Nh7 17. dxe5 dxe5 18. Nc4 Qf6 19. Ne3 Be6 20. Nd5 Bxd5 21. exd5 Rad8
22. Nd2 Ng5 23. Nc4 e4 24. Ne3 Qxc3 25. Rc1 Qe5 26. Qg4 Nf4 27. Qg3 Re7 28. h4
Nh7 29. Ng4 Qd6 30. Rc4 f5 31. Ne3 Rf8 32. Rec1 g6 33. Rc5 Nd3 34. Bxd3 f4 35.
Qh2 fxe3 36. Bf1 exf2+ 37. Kh1 e3 38. Rxc7 Qxh2+ 39. Kxh2 Rxc7 40. Rxc7 Nf6 41.
d6 Rd8 42. Rxb7 Rxd6 43. Rb6 Rd1 44. Bc4+ Nd5 45. Rxa6 f1=Q 46. Bxf1 Rxf1 47.
Re6 Ra1 48. Kg3 Kf7 49. Re4 Nxb4 50. Rxe3 Rxa5 51. Rb3 Nc6 52. Rb7+ Ne7 53. Kf3
Ra3+ 54. Kf4 Ra4+ 55. Kg3 Rc4 56. Kh3 Kf6 57. Rb6+ Rc6 58. Rb3 Nd5 59. Rb5 Rc3+
60. g3 Rd3 61. h5 gxh5 62. Kh4 Kg6 63. Ra5 Rd4+ 64. Kh3 Kg5 65. Ra8 Nf6 66.
Ra5+ Rd5 67. Ra8 Rd3 68. Ra5+ Nd5 69. Ra8 h4 70. Rg8+ Kh5 0-1

[Event "Memorial Kurnosov 2018 Rapid"]
[Site "?"]
[Date "2018.09.07"]
[Round "4.5"]
[White "Kokarev, Dmitry"]
[Black "Lintchevski, Daniil"]
[Result "1/2-1/2"]
[WhiteElo "2663"]
[BlackElo "2550"]
[PlyCount "242"]
[EventDate "2018.??.??"]
[EventType "rapid"]

1. e4 c5 2. Nf3 e6 3. d4 cxd4 4. Nxd4 Nf6 5. Nc3 Nc6 6. Ndb5 Bb4 7. a3 Bxc3+ 8.
Nxc3 d5 9. exd5 Nxd5 10. Bd2 O-O 11. Qh5 Nf6 12. Qh4 Qd4 13. Qxd4 Nxd4 14.
O-O-O e5 15. Be3 Ng4 16. Bxd4 exd4 17. Rxd4 Nxf2 18. Rg1 Ng4 19. Nd5 Ne5 20.
Bb5 f6 21. Re1 Rb8 22. Ba4 Be6 23. Bb3 Kf7 24. Rf4 Bxd5 25. Bxd5+ Ke7 26. Ra4
a6 27. Rc4 Rfd8 28. Bf3 b6 29. Rc7+ Rd7 30. Rxd7+ Kxd7 31. Rd1+ Kc7 32. Be2 a5
33. Kd2 Rd8+ 34. Kc3 Re8 35. b4 Nc6 36. Bd3 g6 37. g4 Ne5 38. Bb5 Re6 39. h3
Nc6 40. Rf1 axb4+ 41. axb4 Re3+ 42. Bd3 Rxh3 43. Rxf6 Ne5 44. Kd4 Nxg4 45. Rf7+
Kd6 46. Rb7 Kc6 47. Be4+ Kb5 48. c4+ Kxb4 49. Rxb6+ Ka5 50. Rb5+ Ka6 51. Rb2
Nf6 52. Bc6 Ka5 53. Ke5 Rc3 54. Rb5+ Ka6 55. Bb7+ Ka7 56. Kxf6 Rxc4 57. Bd5 Rh4
58. Ke6 Ka6 59. Rc5 g5 60. Kd6 Kb6 61. Rc8 Rh6+ 62. Be6 g4 63. Rc6+ Ka7 64.
Rc7+ Kb6 65. Rg7 Rg6 66. Rxh7 g3 67. Rh1 g2 68. Rb1+ Ka5 69. Rg1 Kb4 70. Ke5
Kc3 71. Bf5 Rg7 72. Kf4 Kd2 73. Bg4 Rf7+ 74. Kg3 Ke3 75. Rxg2 Rg7 76. Re2+ Kd3
77. Re8 Rf7 78. Bf3 Kd4 79. Rd8+ Ke3 80. Re8+ Kd4 81. Re4+ Kc5 82. Kf2 Ra7 83.
Be2 Ra3 84. Re8 Kd4 85. Bf3 Ra2+ 86. Kg3 Ra7 87. Re4+ Kc5 88. Kf4 Rf7+ 89. Ke3
Ra7 90. Re5+ Kd6 91. Rd5+ Ke6 92. Rc5 Kd6 93. Rd5+ Ke6 94. Be4 Ra3+ 95. Kf4 Ra1
96. Rc5 Rf1+ 97. Bf3 Kd6 98. Rc6+ Kd7 99. Rh6 Ke7 100. Ke4 Re1+ 101. Kd5 Re3
102. Be4 Re1 103. Re6+ Kd7 104. Rh6 Ke7 105. Ke5 Re2 106. Rh7+ Ke8 107. Ra7 Re1
108. Kd5 Kf8 109. Bf5 Re7 110. Ra6 Kf7 111. Be6+ Kf6 112. Rd6 Ra7 113. Bg8+ Kf5
114. Kd4 Ra4+ 115. Bc4 Kf4 116. Rf6+ Kg4 117. Rf8 Kg5 118. Kd5 Ra5+ 119. Ke6
Kg4 120. Bd5 Kg3 121. Ra8 Rxa8 1/2-1/2

[Event "Memorial Kurnosov 2018 Rapid"]
[Site "?"]
[Date "2018.09.07"]
[Round "4.6"]
[White "Bocharov, Ivan"]
[Black "Goganov, Aleksey"]
[Result "1/2-1/2"]
[WhiteElo "2625"]
[BlackElo "2544"]
[PlyCount "62"]
[EventDate "2018.??.??"]
[EventType "rapid"]

1. e4 e5 2. Nf3 Nc6 3. d4 exd4 4. Nxd4 Nf6 5. Nxc6 bxc6 6. e5 Qe7 7. Qe2 Nd5 8.
c4 Nb6 9. Nc3 Bb7 10. h4 O-O-O 11. Bg5 f6 12. exf6 gxf6 13. Qxe7 Bxe7 14. Be3
Ba6 15. b3 Bb4 16. Rc1 Rhe8 17. c5 Bxc3+ 18. Rxc3 Bxf1 19. cxb6 Bxg2 20. Rg1
Rg8 21. bxa7 Kb7 22. Rc4 d6 23. Rf4 c5 24. Rxf6 Bd5 25. Rg5 Rxg5 26. hxg5 Kxa7
27. b4 Bxa2 28. bxc5 dxc5 29. Bxc5+ Kb7 30. f4 Rd7 31. Ke2 Rf7 1/2-1/2

[Event "Memorial Kurnosov 2018 Rapid"]
[Site "?"]
[Date "2018.09.07"]
[Round "4.7"]
[White "Lysyj, Igor"]
[Black "Savitskiy, Sergey"]
[Result "1-0"]
[WhiteElo "2644"]
[BlackElo "2417"]
[PlyCount "73"]
[EventDate "2018.??.??"]
[EventType "rapid"]

1. d4 Nf6 2. c4 g6 3. Nc3 Bg7 4. e4 d6 5. Nf3 O-O 6. Be2 e5 7. O-O Nc6 8. Be3
exd4 9. Nxd4 Re8 10. f3 Nh5 11. Nxc6 bxc6 12. Qd2 f5 13. c5 f4 14. Bf2 Be5 15.
cxd6 cxd6 16. Bd4 Be6 17. Rfd1 Nf6 18. Bxe5 dxe5 19. Na4 Qxd2 20. Rxd2 Red8 21.
Rc2 Rd6 22. Nc5 Bf7 23. Rac1 Rb8 24. b3 a5 25. Nd3 Nd7 26. Rxc6 Rd4 27. Rc8+
Rxc8 28. Rxc8+ Kg7 29. Ra8 a4 30. Rxa4 Rxa4 31. bxa4 Bxa2 32. Nb4 Be6 33. a5
Kf8 34. a6 Nb6 35. Nc6 Bc8 36. Nxe5 Ke7 37. Kf2 1-0

[Event "Memorial Kurnosov 2018 Rapid"]
[Site "?"]
[Date "2018.09.07"]
[Round "4.8"]
[White "Yakovich, Yuri"]
[Black "Oparin, Grigoriy"]
[Result "1/2-1/2"]
[WhiteElo "2502"]
[BlackElo "2665"]
[PlyCount "25"]
[EventDate "2018.??.??"]
[EventType "rapid"]

1. e4 e5 2. Nf3 Nc6 3. Nc3 Nf6 4. d4 exd4 5. Nxd4 Bb4 6. Nxc6 bxc6 7. Bd3 O-O
8. O-O d5 9. exd5 Bg4 10. f3 Bh5 11. dxc6 Qd4+ 12. Kh1 Bxc3 13. bxc3 1/2-1/2

[Event "Memorial Kurnosov 2018 Rapid"]
[Site "?"]
[Date "2018.09.07"]
[Round "4.9"]
[White "Bezgodov, Alexei"]
[Black "Pridorozhni, Aleksei"]
[Result "1-0"]
[WhiteElo "2455"]
[BlackElo "2659"]
[PlyCount "77"]
[EventDate "2018.??.??"]
[EventType "rapid"]

1. e4 c5 2. Nc3 Nc6 3. Bb5 Nd4 4. Nf3 e6 5. O-O a6 6. Bd3 Ne7 7. b3 Nec6 8. Bb2
Nxf3+ 9. Qxf3 Be7 10. Qg3 Bf6 11. f4 Bd4+ 12. Kh1 d6 13. Rae1 g6 14. f5 Ne5 15.
Nd1 Bxb2 16. Nxb2 b5 17. a4 Rb8 18. axb5 axb5 19. c3 h5 20. h3 h4 21. Qf2 Qg5
22. Bc2 Qg3 23. Qe2 Rg8 24. d4 cxd4 25. cxd4 Nc6 26. Qd2 gxf5 27. exf5 Nxd4 28.
Be4 e5 29. Nd3 Qg5 30. Qb4 Qe7 31. f6 Qa7 32. Qxd6 Rb6 33. Qc5 Kd8 34. Nxe5 Ra6
35. Qxa7 Rxa7 36. Rd1 Kc7 37. Rxd4 Be6 38. Rc1+ Kb6 39. Rd6+ 1-0

[Event "Memorial Kurnosov 2018 Rapid"]
[Site "?"]
[Date "2018.09.07"]
[Round "4.10"]
[White "Yudin, Sergei"]
[Black "Kabanov, Nikolai"]
[Result "1-0"]
[WhiteElo "2641"]
[BlackElo "2476"]
[PlyCount "87"]
[EventDate "2018.??.??"]
[EventType "rapid"]

1. e4 c5 2. Nf3 e6 3. g3 Nc6 4. Bg2 b5 5. O-O Bb7 6. d3 d6 7. c3 Nf6 8. d4 cxd4
9. cxd4 d5 10. e5 Nd7 11. Nc3 b4 12. Ne2 Be7 13. Re1 a5 14. h4 Nb6 15. Nf4 O-O
16. Nh5 g6 17. Nf4 a4 18. Rb1 Nc4 19. Nh3 Qb6 20. Bg5 b3 21. a3 Bxa3 22. bxa3
Nxa3 23. Bf6 Rfc8 24. Qd2 Qb4 25. Qg5 Nxb1 26. Rxb1 Qf8 27. h5 a3 28. Nf4 a2
29. Rf1 Rc7 30. hxg6 fxg6 31. Nxe6 Qf7 32. Nxc7 Qxc7 33. Nh4 Nxd4 34. Nxg6 hxg6
35. Qxg6+ Kf8 36. Qh6+ Ke8 37. Bh3 Qf7 38. Qh8+ Qf8 39. Qh5+ Qf7 40. Bd7+ Kxd7
41. Qxf7+ Kc6 42. Rc1+ Kb6 43. Qc7+ Ka6 44. Qd6+ 1-0

[Event "Memorial Kurnosov 2018 Rapid"]
[Site "?"]
[Date "2018.09.08"]
[Round "5.1"]
[White "Artemiev, Vladislav"]
[Black "Morozevich, Alexander"]
[Result "1/2-1/2"]
[WhiteElo "2733"]
[BlackElo "2614"]
[PlyCount "44"]
[EventDate "2018.??.??"]
[EventType "rapid"]

1. c4 e5 2. Nc3 Nf6 3. e3 Bb4 4. Nge2 c6 5. a3 Ba5 6. b4 Bc7 7. Bb2 O-O 8. Ng3
Re8 9. c5 d5 10. cxd6 Qxd6 11. Qc2 Nbd7 12. Bd3 Nf8 13. Nce4 Nxe4 14. Nxe4 Qh6
15. Ng3 Bd7 16. O-O Rad8 17. Bc4 Be6 18. Rad1 Qg6 19. d3 h5 20. Ne4 Bxc4 21.
dxc4 Ne6 22. Qb1 h4 1/2-1/2

[Event "Memorial Kurnosov 2018 Rapid"]
[Site "?"]
[Date "2018.09.08"]
[Round "5.2"]
[White "Riazantsev, Alexander"]
[Black "Iljiushenok, Ilia"]
[Result "0-1"]
[WhiteElo "2687"]
[BlackElo "2572"]
[PlyCount "98"]
[EventDate "2018.??.??"]
[EventType "rapid"]

1. Nf3 Nf6 2. e3 g6 3. b3 Bg7 4. Bb2 O-O 5. c4 d6 6. d4 Nbd7 7. Be2 c6 8. O-O
a6 9. Qc2 Qc7 10. Rd1 Re8 11. Nc3 e5 12. b4 Nf8 13. dxe5 dxe5 14. c5 e4 15. Nd2
Ng4 16. Bxg4 Bxg4 17. Re1 f5 18. h3 Bh5 19. Nc4 Nd7 20. Na4 Nf6 21. Nd6 Re7 22.
Nb6 Rf8 23. Bd4 h6 24. Qb2 Kh7 25. Rac1 Ng8 26. Bxg7 Rxg7 27. Qe5 g5 28. Rc4
Re7 29. Qh2 Rg7 30. Qe5 Re7 31. Qg3 Rg7 32. Kh1 Qe7 33. Rd4 Qe6 34. Nbc4 Re7
35. Na5 Qxa2 36. Ndxb7 f4 37. exf4 gxf4 38. Qh4 Bg6 39. Nd6 e3 40. f3 Qf2 41.
Qxf2 exf2 42. Rf1 Re1 43. Rd1 Rxd1 44. Rxd1 Bd3 45. Nxc6 f1=Q+ 46. Rxf1 Bxf1
47. Kg1 Bb5 48. Na7 Ne7 49. Kf2 Ra8 0-1

[Event "Memorial Kurnosov 2018 Rapid"]
[Site "?"]
[Date "2018.09.08"]
[Round "5.3"]
[White "Yuffa, Daniil"]
[Black "Kokarev, Dmitry"]
[Result "1/2-1/2"]
[WhiteElo "2597"]
[BlackElo "2663"]
[PlyCount "90"]
[EventDate "2018.??.??"]
[EventType "rapid"]

1. d4 Nf6 2. c4 g6 3. Nc3 Bg7 4. e4 O-O 5. Nf3 d6 6. Be2 e5 7. d5 Na6 8. Nd2
Bd7 9. h4 h5 10. Nf1 Nc5 11. Bg5 Qb8 12. Ng3 a5 13. Qd2 c6 14. O-O-O cxd5 15.
Bxf6 Bxf6 16. Nxd5 Qd8 17. Bxh5 Be6 18. Bf3 Bxd5 19. Qxd5 Bxh4 20. Qxd6 Qg5+
21. Kb1 Ne6 22. Rd5 Rfc8 23. Qxe5 Qxe5 24. Rxe5 Bxg3 25. fxg3 Rxc4 26. Rb5 Rac8
27. Rxa5 Nc5 28. Rb5 Nxe4 29. Bxe4 Rxe4 30. Rxb7 Re2 31. Rg1 Re3 32. Rf1 f5 33.
g4 fxg4 34. a4 Re2 35. Rff7 Rxg2 36. Rg7+ Kf8 37. Rh7 Kg8 38. Rbg7+ Kf8 39.
Rxg6 g3 40. Rh8+ Kf7 41. Rxg3 Rxb2+ 42. Kxb2 Rxh8 43. Re3 Re8 44. Rh3 Ke7 45.
Kc3 Kd6 1/2-1/2

[Event "Memorial Kurnosov 2018 Rapid"]
[Site "?"]
[Date "2018.09.08"]
[Round "5.4"]
[White "Demidov, Mikhail"]
[Black "Lysyj, Igor"]
[Result "1/2-1/2"]
[WhiteElo "2594"]
[BlackElo "2644"]
[PlyCount "71"]
[EventDate "2018.??.??"]
[EventType "rapid"]

1. Nf3 d5 2. g3 c6 3. Bg2 Bg4 4. h3 Bxf3 5. Bxf3 Nf6 6. d3 e5 7. Bg2 Nbd7 8.
Nd2 Bc5 9. O-O O-O 10. e3 a5 11. a4 Re8 12. b3 Qc7 13. Bb2 Rad8 14. Re1 Bb4 15.
c3 Bf8 16. Qc2 Qb6 17. Rad1 Nc5 18. d4 exd4 19. exd4 Nce4 20. Nxe4 Nxe4 21. Re2
Nf6 22. Rde1 Rxe2 23. Rxe2 g6 24. Bf3 Bg7 25. Ba3 Re8 26. Rxe8+ Nxe8 27. Qe2
Qd8 28. h4 h5 29. Qe7 Qxe7 30. Bxe7 Bf6 31. Bc5 Bd8 32. Bg2 f5 33. c4 Nf6 34.
cxd5 Nxd5 35. Bxd5+ cxd5 36. f4 1/2-1/2

[Event "Memorial Kurnosov 2018 Rapid"]
[Site "?"]
[Date "2018.09.08"]
[Round "5.5"]
[White "Yudin, Sergei"]
[Black "Potapov, Pavel"]
[Result "1-0"]
[WhiteElo "2641"]
[BlackElo "2580"]
[PlyCount "83"]
[EventDate "2018.??.??"]
[EventType "rapid"]

1. e4 c5 2. Nf3 Nc6 3. Bb5 g6 4. Bxc6 bxc6 5. O-O Bg7 6. Re1 Nf6 7. e5 Nd5 8.
d3 O-O 9. Nbd2 d6 10. h3 Qc7 11. Ne4 Bf5 12. c4 Nb6 13. exd6 exd6 14. Qc2 d5
15. Ng3 Be6 16. Ng5 Rfe8 17. Nxe6 fxe6 18. Be3 Nd7 19. Rac1 Rac8 20. Nf1 e5 21.
Nd2 Qd6 22. Nb3 e4 23. dxe4 Rxe4 24. Red1 Qe6 25. Nd2 Rxe3 26. fxe3 Qxe3+ 27.
Kh1 Ne5 28. Nf1 Qe4 29. Qxe4 dxe4 30. Rc2 Nd3 31. Ng3 Nxb2 32. Rb1 Nd3 33. Nxe4
Re8 34. Nd6 Rd8 35. Nb7 Rd7 36. Na5 Nb4 37. Re2 Bd4 38. a3 Nd3 39. Nxc6 Nf4 40.
Re7 Rxe7 41. Nxe7+ Kf7 42. Nc6 1-0

[Event "Memorial Kurnosov 2018 Rapid"]
[Site "?"]
[Date "2018.09.08"]
[Round "5.6"]
[White "Lintchevski, Daniil"]
[Black "Bocharov, Ivan"]
[Result "1/2-1/2"]
[WhiteElo "2550"]
[BlackElo "2625"]
[PlyCount "70"]
[EventDate "2018.??.??"]
[EventType "rapid"]

1. Nf3 Nf6 2. c4 c6 3. d4 d5 4. e3 Bf5 5. Nc3 a6 6. Ne5 Nbd7 7. Qb3 Qb6 8. Nxd7
Nxd7 9. cxd5 Qxb3 10. axb3 cxd5 11. Nxd5 Rc8 12. Be2 Be4 13. Bf3 Bxf3 14. gxf3
e6 15. Nc3 e5 16. dxe5 Nxe5 17. Ke2 Nd7 18. Rd1 Nc5 19. Ra3 Be7 20. Nd5 f5 21.
b4 Ne6 22. Rc3 Kf7 23. e4 g6 24. Be3 Bd6 25. Nb6 Rcd8 26. Rcd3 Ke7 27. h3 Rhf8
28. b3 Rfe8 29. Rd5 Rf8 30. e5 Bc7 31. Rd7+ Ke8 32. Rxh7 Bxb6 33. Bxb6 Nf4+ 34.
Ke1 Ng2+ 35. Ke2 Nf4+ 1/2-1/2

[Event "Memorial Kurnosov 2018 Rapid"]
[Site "?"]
[Date "2018.09.08"]
[Round "5.7"]
[White "Goganov, Aleksey"]
[Black "Bocharov, Dmitry"]
[Result "1-0"]
[WhiteElo "2544"]
[BlackElo "2619"]
[PlyCount "109"]
[EventDate "2018.??.??"]
[EventType "rapid"]

1. d4 Nf6 2. c4 e6 3. Nf3 d5 4. Nc3 c6 5. Bg5 Nbd7 6. e3 Qa5 7. Nd2 dxc4 8.
Bxf6 Nxf6 9. Nxc4 Qc7 10. g3 Be7 11. Bg2 O-O 12. O-O Rd8 13. Qe2 Bd7 14. Rac1
Be8 15. Rfd1 Rac8 16. a3 c5 17. Ne5 Qb8 18. f4 b5 19. Kh1 cxd4 20. exd4 a5 21.
Qf2 Qb6 22. Ne2 b4 23. axb4 Qxb4 24. Rxc8 Rxc8 25. Ng1 h6 26. f5 exf5 27. Qxf5
Rd8 28. d5 Qxb2 29. Rb1 Qc3 30. Nc6 Bxc6 31. dxc6 a4 32. Ne2 Qc4 33. Rc1 Qa6
34. c7 Rc8 35. Nf4 a3 36. Qxc8+ Qxc8 37. Bh3 Qb7+ 38. Ng2 Qb2 39. c8=Q+ Bf8 40.
Qc2 Ne4 41. Bf5 Nd6 42. Bh7+ Kh8 43. Bd3 Qd4 44. Rd1 Qa7 45. Bc4 Kg8 46. Ba2
Qb7 47. Bb1 g6 48. Ba2 Kh7 49. Qb3 Qc8 50. Rxd6 Bxd6 51. Qxf7+ Kh8 52. Nh4 Qc1+
53. Kg2 Qc2+ 54. Kh3 Qc8+ 55. Be6 1-0